000 nam a22 7a 4500
999 _c8634
_d8634
008 180118b ||||| |||| 00| 0 eng d
100 _aManku V A
_95006
245 _aExploring Environment
260 _aNew Delhi
_bRachna Publication
_c2008